Quiz Formule 1 2021 - Statistiques

Statistiques générales
  • Ce quiz a été pris 601 fois
  • Le résultat moyen est 9 sur 15
Statistiques - réponses
Questions Réponses % Correct
Qui est le champion du monde ? Max Verstappen
100%
Quel pilote a remporté trois Grands Prix en l'espace de quinze jours ? Max Verstappen
100%
Combien de pilotes ont gagnés une course 6
90%
Combien d’écuries garde son duo de pilotes pour la saison 2022 ? 6
90%
Quelle écurie a qualifié ses pilotes en Q3 sur les 22 courses de la saison 2021 ? Mercedes
77%
A quel Grand Prix Esteban Ocon a-t-il remporté sa 1ère victoire en Formule 1 ? Hongrie
77%
Quel pilote met un terme à sa carrière ? Kimi Raikkonen
68%
Quel pilote a été disqualifié durant ce Grand Prix ? Sebastian Vettel
65%
Quel pilote a été virer par son écurie ? Nikita Mazepin
51%
Comment s’est terminé son dernier Grand Prix ? En abandon
50%
Lors de quel Grand Prix ? Grand Prix de Belgique
48%
Quel pilote a fini l'ensemble des courses de la saison 2021 ? Carlos Sainz
46%
Quelle est le meilleur classement de Russell lors d’une course ? P2
19%
A quel Grand Prix Lewis Hamilton avait abandonné avant Monza 2021 ? Autriche 2018
16%
Avec combien d’avance Lewis Hamilton a-t-il gagné le Grand Prix de Russie ? 53 secondes
10%
Aucun quiz correspondant
Distribution des résultats
% des personnes avec chaque résultat
Percentile par nombre de réponses
Votre historique - résultats
Vous n’avez pas pris ce quiz